00719nac a22002171u 4500020002600000020001500026082001500041090001500056100003400071245007200105250001200177260006700189500001700256500001800273511002400291650001500315700002000330942001800350999001500368952011800383 a0131472038 (CD-ROM) : a0131273124 a658.8bARM c5287d5287 aArmstrong, Gary  aMarketing : DVD/ban introduction /cGary Armstrong, Philip Kotler. a7th ed. aUpper Saddle River, N.J. :bPearson/Prentice Hall,2005cc2005. aAudiovisuals aDVD with book aCatalogued by: Sara aMarketing. aKotler, Philip. cCDRk658.8ARM c5287d5287 00104070aMAINbMAINc1STd2007-10-23ePurchasel2o658.8ARMp000006806r2022-08-24 00:00:00s2013-06-18yCDVDN